000 00551nam a2200193 a 4500
005 20230920064241.0
008 991125s1997 mx 000 0 spa u
020 _a9684442610
035 _aUPN01000018358
049 _aCG
050 4 _aBF292
_bT3.4
100 1 _aTamayo Acosta, Daniel
245 1 0 _aEducar la sensibilidad /
_cDaniel Tamayo Acosta.
260 _aMéxico :
_bAlhambra,
_c1997.
300 _a133 p. :
_bil.
440 0 _aBiblioteca de recursos didácticos Alhambra ;
_v22
650 4 _aSentidos y sensaciones
_96763
905 _aLibro
999 _c18358
_d18358